Η τέχνη και επιστήμη της C : μια εισαγωγή στην επιστήμη των υπολογιστών βασισμένη σε βιβλιοθήκες

Saved in:
Bibliographic Details
Main Author: Roberts, Eric
Other Authors: Στεφανίδης, Γιώργος (Editor), Χατζηγεωργίου, Αλέξανδρος (Editor), Σταυρόπουλος, Παναγιώτης (Translator)
Format: Book
Language:Greek
English
Published: Αθήνα : Κλειδάριθμος, c2003-2004.
Subjects:
Tags: Add Tag
No Tags, Be the first to tag this record!

MARC

LEADER 00000cam a2200000 i 4500
001 1/87088
008 051010r20052003gr | ||| |||| ||gre||
020 |a 9602097914 
035 |l 10080727 
040 |a GR-MyUA  |b gre  |e AACR2 
041 1 |a gre  |h eng 
082 0 |a 005.133  |2 (22) 
100 1 |a Roberts, Eric. 
245 1 2 |a Η τέχνη και επιστήμη της C :   |b μια εισαγωγή στην επιστήμη των υπολογιστών βασισμένη σε βιβλιοθήκες /   |c Eric S. Roberts ; επιμέλεια ελληνικής έκδοσης Γιώργος Στεφανίδης, Αλέξανδρος Χατζηγεωργίου.  
260 |a Αθήνα :   |b Κλειδάριθμος,   |c c2003-2004.  
300 |a 800 σ. :   |b εικ. ;   |c 24 σ.  
500 |a Το αντίτυπο 6 είναι ανατύπωση (2005).  
500 |a Τίτλος πρωτοτύπου: The art and science of C.  
500 |a Το αντίτυπο 7 έιναι ανατύπωση (2011).  
504 |a Περιέχει ευρετήριο.  
650 0 0 |a C (Computer program language) 
700 1 |a Στεφανίδης, Γιώργος,  |e edt 
700 1 |a Χατζηγεωργίου, Αλέξανδρος,  |e edt 
700 1 |a Σταυρόπουλος, Παναγιώτης,  |e trl 
852 |a INST  |b SAMOS  |e 20051010  |h 005.133 ROB  |p 005300024872  |q 005300024872  |t BK  |y 23 
852 |a INST  |b SAMOS  |e 20051010  |h 005.133 ROB  |p 005300024873  |q 005300024873  |t BK  |y 0 
852 |a INST  |b SAMOS  |e 20051010  |h 005.133 ROB  |p 005300024874  |q 005300024874  |t BK  |y 0 
852 |a INST  |b SAMOS  |e 20051010  |h 005.133 ROB  |p 005300024875  |q 005300024875  |t BK  |y 0 
852 |a INST  |b SAMOS  |e 20051010  |h 005.133 ROB  |p 005300024876  |q 005300024876  |t BK  |y 0 
852 |a INST  |b SAMOS  |e 20110406  |h 005.133 ROB  |p 005300032824  |q 005300032824  |t BK  |y 0 
852 |a INST  |b SAMOS  |c EUDOXUS  |e 20140131  |h 005.133 ROB  |p 005300036346  |q 005300036346  |t EDX  |y 0 
901 |a BIBL3-2014-1 
901 |a BIBL3-2011-1 
901 |a BIBL3-2005-3 
909 |a Σ  |b 184550 
909 |a Σ  |b 167072 
909 |a Σ  |b 114793 
909 |a Σ  |b 114794 
909 |a Σ  |b 114795 
909 |a Σ  |b 114796 
909 |a Σ  |b 114797 
920 |a ΕΥΔΟΞΟΣ  |b ΕΠΙΣΤΡΟΦΗ  |y Σάμος  |z 2013-12 
970 |a ΚΟΣΙΕΡΗΣ  |b ΧΡΗΣΤΟΣ  |z 2005/10/10